Statistics for Scottish Football Champions

Click here to take the quiz!

General Stats

  • This quiz has been taken 276 times
    (138 since last reset)
  • The average score is 120 of 126

Answer Stats

SeasonClub% Correct
1892-93 | 1893-94 | 1895-96 | +49 othersCeltic
99%
Rangers
99%
1954-55 | 1979-80 | 1983-84 | 1984-85Aberdeen
93%
1894-95 | 1896-97 | 1957-58 | 1959-60Heart of Midlothian
85%
1961-62Dundee
80%
1902-03 | 1947-48 | 1950-51 | 1951-52Hibernian
75%
1982-83Dundee United
65%
1964-65Kilmarnock
61%
1931-32Motherwell
53%
1890-91 | 1891-92Dumbarton
34%
1903-04†Third Lanark
29%

Score Distribution

Percentile by Number Answered

Percent of People with Each Score

Your Score History

You have not taken this quiz since the last reset